000 00615nam a22002057a 4500
005 20241212152003.0
010 _aENG-143032
020 _c245.00
_a8179700739
035 _aEN-126564
037 _bDBAD
082 _a580.3
100 _aShukla abhishek
_975093
245 _aIntroduction to Plant Quarantine /
_cAbhishek Shukla
250 _aFirst
260 _aNew Delhi
_bSamay Prakashan
_c2007
270 _bNew Delhi
_aI-1/16, Shanti Mohan House, Ansari Road, Daryaganj
_e110002
300 _a97p.
_c23cm(hb)
700 _aO.P. Veda
_eco- author
_975094
942 _2ddc
_cEN
_h580.3
_mSHU
999 _c207651
_d207651